000 00638cam a2200253 a 4500
001 071
003 DO-SdBNP
005 20180131133007.0
007 071
008 841203s 1988 sp 000 f spa d
020 _a8435601323 (o. c.)
020 _a8435601293
040 _aBPMSU
_cspa
_dBPMSU
100 1 _aMay Alcot, Louise
245 1 3 _aMujercitas /
_cLouise May Alcot
260 _aBarcelona:
_bRoma;
_c[1988]
300 _a111 p. ;
_bil.
_c19 cm.
490 1 _aBiblioteca juvenil Albor
_v2
830 0 _aBiblioteca juvenil Albor
_v2
910 _a202
942 _2ddc
_cBK
945 _aInventariado, 2018 / BT
956 _aYngrid Lockward
999 _c8486
_d8486